Poesías patrioticas / (Registro nro. 9232)

Detalles MARC
000 -LEADER
fixed length control field 00669nam a22002417a 4500
001 - CONTROL NUMBER
control field 00090
003 - CONTROL NUMBER IDENTIFIER
control field DO-SdBNP
005 - DATE AND TIME OF LATEST TRANSACTION
control field 20180208111907.0
007 - PHYSICAL DESCRIPTION FIXED FIELD--GENERAL INFORMATION
fixed length control field 00090
008 - FIXED-LENGTH DATA ELEMENTS--GENERAL INFORMATION
fixed length control field 160314b mx 1980 ||||| |||| 00| 0 spa d
020 ## - INTERNATIONAL STANDARD BOOK NUMBER
International Standard Book Number 9687064552
040 ## - CATALOGING SOURCE
Original cataloging agency BPMSU
Language of cataloging spa
Transcribing agency BPMSU
100 1# - MAIN ENTRY--PERSONAL NAME
Personal name Acuña, Manuel
245 10 - TITLE STATEMENT
Title Poesías patrioticas /
Remainder of title Manuel Acuña.
246 10 - VARYING FORM OF TITLE
Title proper/short title Poesías patrióticas y folklóricas y 10 corridos de la revolución.
260 ## - PUBLICATION, DISTRIBUTION, ETC. (IMPRINT)
Place of publication, distribution, etc. México :
Name of publisher, distributor, etc. Libro-Mex,
Date of publication, distribution, etc. 1980
300 ## - PHYSICAL DESCRIPTION
Extent 162 p. :
Other physical details il.,
Dimensions 19 cm.
490 1# - SERIES STATEMENT
Series statement Poesías
Volume/sequential designation 51
830 #0 - SERIES ADDED ENTRY--UNIFORM TITLE
Uniform title Poesías
Number of part/section of a work 51
942 ## - ADDED ENTRY ELEMENTS (KOHA)
Source of classification or shelving scheme Dewey Decimal Classification
Koha item type Libros
945 ## - LOCAL PROCESSING INFORMATION (OCLC)
a Inventariado, 2018 /LP
956 ## - LOCAL ELECTRONIC LOCATION AND ACCESS (OCLC)
Host name Brenda Tavárez
Access number 10
Existencias
Withdrawn status Lost status Source of classification or shelving scheme Damaged status Not for loan Collection code Home library Current library Shelving location Date acquired Source of acquisition Total Checkouts Barcode Date last seen Price effective from Koha item type
    Dewey Decimal Classification     Colección General Biblioteca Pública Metropolitana Salomé Ureña Biblioteca Pública Metropolitana Salomé Ureña Centro de procesamiento 03/14/2016 Donación   BPMSU16030105 03/14/2016 03/14/2016 Libros